Shout - Tears for Fears (All Lyrics) - Statistics

General Stats
  • This quiz has been taken 22 times
  • The average score is 246 of 283
Answer Stats
Lyrics % Correct
a
100%
all
100%
are
100%
Come
100%
come
100%
I
100%
I'm
100%
it
100%
let
100%
on
100%
out
100%
Shout
100%
shout
100%
talking
100%
the
100%
These
100%
to
100%
you
100%
You
100%
can
93%
so
93%
things
93%
without
93%
do
86%
have
86%
They
86%
your
86%
and
79%
And
79%
In
79%
in
79%
shouldn't
79%
for
71%
sell
71%
soul
71%
them
71%
times
71%
hell
64%
know
64%
mind
64%
tell
64%
we
64%
As
57%
as
57%
could
57%
gave
57%
hope
57%
If
57%
joy
57%
life
57%
live
57%
ought
57%
really
57%
return
57%
tale
57%
Those
57%
took
57%
when
57%
boy
50%
change
50%
I'd
50%
jump
50%
love
50%
one
50%
That
50%
violent
50%
working
50%
you've
50%
black
43%
cold
43%
goodbye
43%
ice
43%
minds
43%
track
43%
white
43%
break
36%
Kiss
36%
taken
36%
down
29%
heart
29%
guard
21%
No matching quizzes found
Score Distribution
Percent of People with Each Score
Percentile by Number Answered
Your Score History
You have not taken this quiz